Riconosci il Pokémon - Quiz n°149 - Statistics

Statistiche generali
  • Questo quiz è stato fatto 1 volte
  • Il punteggio medio è 1 su 10
Statistiche sulle risposte
Indizio Risposta % Corretto
Generazione Nona
100%
Altezza 1,1 m
0%
Sesso 50% ♂, 50% ♀
0%
Peso 61,0 kg
0%
Tasso di cattura 75 (17.5%)
0%
Tipo Buio
0%
Pokémon Mabosstiff
0%
Tasso di allevamento Medio-Lento
0%
Abilità Prepotenza; Cane da Guardia; Sorveglianza
0%
Stadio evoluzione Prima evoluzione
0%
Nessun quiz corrispondente trovato
Distribuzione punteggi
Percentuale di utenti per punteggio
Percentile per numero di risposta
I tuoi punteggi nel tempo
Non hai fatto questo quiz